[Event "ROM-ch U12 Boys"]
[Site "Voineasa"]
[Date "2008.04.16"]
[Round "7"]
[White "Muresan, Sergiu Cristian"]
[Black "Otoiu, Andrei Mihai"]
[Result "1-0"]
[WhiteElo "437"]
[BlackElo "563"]
[PlyCount "73"]
[EventDate "2008.04.08"]
[EventType "swiss"]
[EventRounds "9"]
[EventCountry "ROU"]
[SourceTitle "EXT 2013"]
[Source "ChessBase"]
[SourceDate "2012.11.22"]
[SourceVersion "1"]
[SourceVersionDate "2012.11.22"]
[SourceQuality "1"]

1. e4 e6 2. d4 d5 3. Nc3 Nf6 4. e5 Nfd7 5. f4 c5 6. Nf3 Nc6 7. Be3 Qa5 8. a3 c4 9. Be2 Be7 10. 0-0 f6 11. Qd2 0-0 12. Rae1 fxe5 13. fxe5 b5 14. Na2 Qxd2 15. Bxd2 Nb6 16. Bc1 Bd7 17. b3 a6 18. b4 a5 19. c3 axb4 20. cxb4 Na4 21. Rd1 Be8 22. Ng5 Bd7 23. Bg4 Rxf1+ 24. Kxf1 Rf8+ 25. Ke2 Nd8 26. Nh3 Nf7 27. Nf4 Ng5 28. Nxd5 exd5 29. Bxd7 Ne4 30. Ke3 Nec3 31. Nxc3 Nxc3 32. Be6+ Kh8 33. Kd2 Nxd1 34. Kxd1 Rf2 35. Bxd5 c3 36. Be3 Ra2 37. Bxa2 1-0